| 000 | 00516nam a22001937a 4500 | ||
|---|---|---|---|
| 999 |
_c5547 _d5547 |
||
| 003 | GBCCL | ||
| 005 | 20241126110544.0 | ||
| 008 | 180327b ||||| |||| 00| 0 eng d | ||
| 020 | _a0882436139 | ||
| 040 | _cgbc | ||
| 082 |
_a232.95 _bGEE |
||
| 100 |
_aGee, Donald _99534 |
||
| 245 |
_aA way to Escape / _cDonald Gee |
||
| 260 |
_aMissouri: _bGospel Publishing House, _c1966 |
||
| 300 |
_a64 p.; _c18 cm. |
||
| 650 |
_aTemptation _vJesus Christ _xTemptation _910015 |
||
| 650 |
_aJesus Christ _95883 |
||
| 942 |
_2ddc _cBK |
||